Names That Are Also Words - Statistics

General Stats
  • This quiz has been taken 73 times
  • The average score is 10 of 15
Answer Stats
Hint Name % Correct
British call them sweets, Americans call them... Candy
97%
Red gemstone Ruby
95%
Season in which you would celebrate Christmas in Australia Summer
92%
Word used to show uncertainty, also a month May
90%
Blu___, an optical disc data format that was designed to replace DVDs Ray
90%
Type of flower, or part of the eye Iris
87%
The day before an event, or short for 'evening' Eve
84%
Document which lists the inheritance of their property after death Will
81%
Evergreen plant that climbs walls Ivy
79%
To steal or loot Rob
75%
The male type of various animals, namely cats Tom
60%
Expectation and desire for something to happen Hope
48%
To gently float on the surface of water Bob
27%
Stain or blot, such as that of ink or a liquid Mark
25%
To continuously harass or annoy someone Harry
8%
No matching quizzes found
Score Distribution
Percent of People with Each Score
Percentile by Number Answered
Your Score History
You have not taken this quiz